"Tak" w różnych językach - Statystyki

Ogólne statystyki
  • Ten quiz został rozwiązany 466 razy
  • Średni wynik to 6 z 16
Statystyki odpowiedzi
Język Odpowiedź % Poprawnych
Angielski Yes
100%
Niemiecki Ja
86%
Hiszpański
71%
Rosyjski Da
68%
Włoski
63%
Francuski Oui
53%
Duński Ja
26%
Szwedzki Ja
26%
Islandzki
25%
Japoński Hai
11%
Portugalski Sim
11%
Węgierski Igen
8%
Grecki Naí
7%
Chiński Shì de
5%
Koreański Ye
5%
Fiński Joo
4%
Nie znaleziono quizów pasujących do podanych kryteriów
Rozkład punktacji
Procent ludzi z każdym wynikiem
Percentyl według liczby udzielonych odpowiedzi
Twoja historia wyników
Nie rozwiązałeś tego quizu